| 000 | 00616nam a2200241Ia 4500 | ||
|---|---|---|---|
| 008 | 190123s9999 xx 000 0 und d | ||
| 020 | _a9780590273862 | ||
| 050 | _bB942 1994 | ||
| 100 | _aBunting, Eve | ||
| 245 | 0 | _aRabbit's party / | |
| 245 | 0 | _cby Eve Bunting ; illustrated by Ellen Sloan-Childers. | |
| 260 | _aNew York, New York : | ||
| 260 | _bScholastic, | ||
| 260 | _c1994 | ||
| 300 | _a16 pages : | ||
| 300 | _bcolored illustrations ; | ||
| 300 | _c19cm. | ||
| 500 | _a170L | ||
| 650 | _aBirthday, parties. | ||
| 650 | _aRabbits. | ||
| 700 | _aSloan-Childers, Ellen. | ||
| 700 | _aTitle. | ||
| 999 |
_c360997 _d360997 |
||